[Event "ch-DEN"]
[Site "Silkeborg DEN"]
[Date "2008.03.19"]
[Round "5"]
[White "Rasmussen,Kar"]
[Black "Schandorff,L"]
[Result "0-1"]
[WhiteElo "2505"]
[BlackElo "2526"]

1.Nf3 Nf6 2.d4 d5 3.c4 c6 4.Nc3 e6 5.e3 Nbd7 6.Qc2 Bd6 7.e4 dxe4 8.Nxe4 Nxe4
9.Qxe4 c5 10.dxc5 Bxc5 11.Be2 Nf6 12.Qc2 Qc7 13.O-O b6 14.b4 Bd6 15.Bb2 Bb7
16.Rad1 O-O 17.Bxf6 gxf6 18.Rd4 Bxf3 19.Bxf3 Rad8 20.Rh4 f5 21.g4 Be7 22.Rh3 Rd4
23.gxf5 Qxc4 24.Qb1 Qxb4 25.Qc1 Rh4 26.Rg3+ Kh8 27.fxe6 fxe6 28.Rd1 Qf4 29.Qc6 Qf6
30.Rd7 Bc5 31.Rd2 Rxh2 32.Qc7 Rh6 33.Kg2 Rg6 34.Rxg6 Qxf3+ 35.Kf1 hxg6 36.Qe5+ Qf6  0-1

[Event "Doeberl Cup"]
[Site "Canberra AUS"]
[Date "2008.03.20"]
[Round "1"]
[White "Gagunashvili,M"]
[Black "Caoili,A"]
[Result "1-0"]
[WhiteElo "2553"]
[BlackElo "2144"]

1.d4 d5 2.c4 c6 3.Nf3 Nf6 4.Nc3 e6 5.e3 Nbd7 6.Qc2 Bd6 7.b3 O-O 8.Be2 b6
9.O-O Bb7 10.Bb2 Qe7 11.Rad1 Rad8 12.Bd3 c5 13.cxd5 exd5 14.Bf5 h6 15.Rfe1 Rfe8
16.Ba3 a6 17.Rc1 g6 18.Bxd7 Nxd7 19.Rcd1 Nf6 20.Na4 Ne4 21.Bb2 Qc7 22.dxc5 bxc5
23.Nc3 Ng5 24.Nxg5 Bxh2+ 25.Kh1 hxg5 26.Na4 Bd6 27.Qc3 d4 28.exd4 f6 29.Qh3 cxd4
30.Bxd4 Kg7 31.Kg1 Rh8 32.Qe6 Bh2+ 33.Kf1 Be5 34.Rxe5 Rh1+ 35.Ke2 Rxd1 36.Rc5 Qf4
37.Bxf6+ Kh6 38.Qh3+  1-0

[Event "Doeberl Cup"]
[Site "Canberra AUS"]
[Date "2008.03.20"]
[Round "1"]
[White "Malakhatko,V"]
[Black "Dilla,E"]
[Result "1-0"]
[WhiteElo "2600"]
[BlackElo "2153"]

1.d4 d5 2.c4 c6 3.Nc3 Nf6 4.e3 e6 5.Nf3 Bd6 6.Bd3 Nbd7 7.O-O O-O 8.e4 dxe4
9.Nxe4 Nxe4 10.Bxe4 Nf6 11.Bc2 h6 12.b3 Re8 13.Bb2 Nd7 14.Qd3 Nf8 15.Rad1 b6
16.c5 Be7 17.Ne5 Bb7 18.Qf3 Bf6 19.Be4 Qc7 20.Nc4 bxc5 21.dxc5 Bxb2 22.Nxb2 Rad8
23.Qc3 Nd7 24.Rfe1 Ba6 25.Rd6 Bb7 26.Red1 Nf6 27.Qe5 Nd5 28.R6xd5  1-0

[Event "15th Belisce Metalis Open"]
[Site "Bizovac CRO"]
[Date "2008.03.21"]
[Round "1"]
[White "Arbanas,J"]
[Black "Jurlina,I"]
[Result "1-0"]
[WhiteElo "2288"]
[BlackElo "1943"]

1.d4 d5 2.c4 e6 3.Nc3 Nf6 4.Nf3 c6 5.e3 Be7 6.Bd3 O-O 7.Qc2 Nbd7 8.g4 dxc4
9.Bxc4 Nxg4 10.Rg1 Ngf6 11.e4 g6 12.Bh6 Re8 13.O-O-O Bf8 14.Be3 Bg7 15.h4 b6
16.Ng5 b5 17.Be2 h6 18.Nh3 Nh7 19.h5 g5 20.f4 f6 21.e5 Kh8 22.exf6 Bxf6 23.Ne4 Rb8
24.Nxf6 Ndxf6 25.fxg5 hxg5 26.Nxg5 Rb7 27.Rdf1 Rf8 28.Bd3 Qd5 29.Bxh7 Nxh7
30.Nxh7 Rxf1+ 31.Rxf1 Rxh7  1-0

[Event "Spring Festival"]
[Site "Budapest HUN"]
[Date "2008.03.21"]
[Round "1"]
[White "Yrjola,J"]
[Black "Amstadt,A"]
[Result "1/2-1/2"]
[WhiteElo "2376"]
[BlackElo "2021"]

1.d4 d5 2.c4 c6 3.Nc3 Nf6 4.e3 e6 5.Nf3 Nbd7 6.Bd3 Bd6 7.e4 dxc4 8.Bxc4 e5
9.dxe5 Nxe5 10.Nxe5 Bxe5 11.Qxd8+ Kxd8 12.Bxf7 Rf8 13.Bc4 Bxc3+ 14.bxc3 Nxe4
15.O-O Bf5 16.Re1 Kd7 17.Ba3 Rf6 18.Re3 Nd6 19.Rd1 Rd8 20.f3 h5 21.Bb3 Kc7
22.Bc5 Rd7 23.Bd4 Rf8 24.Rde1 b6 25.Be5 Rfd8 26.h3 Bg6 27.Be6 Re7 28.Bf4 Rf8
29.Bg5 Ree8 30.g4 hxg4 31.hxg4 Bf7 32.Kg2 Bxe6 33.Rxe6 Rxe6 34.Rxe6 Rf7 35.Kg3 Kd7
36.Re3 Nc4 37.Re4 b5  1/2-1/2

[Event "Doeberl Cup"]
[Site "Canberra AUS"]
[Date "2008.03.21"]
[Round "3"]
[White "De Noskowski,A"]
[Black "Dilla,E"]
[Result "0-1"]
[WhiteElo "1959"]
[BlackElo "2153"]

1.d4 d5 2.c4 c6 3.Nf3 Nf6 4.e3 e6 5.Nc3 Nbd7 6.Qc2 Bd6 7.Be2 O-O 8.O-O Re8
9.e4 dxe4 10.Nxe4 Nxe4 11.Qxe4 e5 12.dxe5 Nxe5 13.Nxe5 Rxe5 14.Qc2 Bf5 15.Qd1 Qf6
16.Be3 Qe6 17.Qb3 Re8 18.Bf3 Be4 19.Bf4 Bxf3 20.gxf3 Rh5 21.Bg3 Bxg3 22.fxg3 Qh6
23.Qc2 Rhe5 24.Rf2 Qh3 25.Raf1 h5 26.Rg2 Re3 27.b3 Qe6 28.Qb2 Qf5 29.f4 Qg4
30.Qd4 b6 31.Qd6 R3e6 32.Qd7 R8e7 33.Qd8+ Re8 34.Qc7 Re1 35.Rf2 h4 36.f5 Rxf1+
37.Rxf1 Qd4+ 38.Kg2 Re2+ 39.Kh3 Qd2 40.Kxh4 Rxh2+ 41.Kg4 Qh6 42.Qd8+ Kh7
43.Kf3 Qh5+ 44.Kf4 f6 45.Qd3 Qg5+ 46.Ke4 c5 47.Rf4 Qh5 48.a4 Re2+ 49.Kd5 Qe8  0-1

[Event "Doeberl Cup"]
[Site "Canberra AUS"]
[Date "2008.03.21"]
[Round "3"]
[White "Gagunashvili,M"]
[Black "Goldenberg,I"]
[Result "1/2-1/2"]
[WhiteElo "2553"]
[BlackElo "2395"]

1.d4 d5 2.c4 c6 3.Nf3 Nf6 4.Nc3 e6 5.e3 Nbd7 6.Qc2 Bd6 7.g4 dxc4 8.g5 Nd5
9.Bxc4 b5 10.Be2 Bb7 11.Bd2 Nxc3 12.bxc3 c5 13.e4 a6 14.a4 O-O 15.O-O bxa4
16.Rxa4 Qc7 17.Qd3 Qc6 18.Rfa1 Nb6 19.Ra5 cxd4 20.cxd4 Qxe4 21.Qxe4 Bxe4  1/2-1/2

[Event "12th Neckar Open A"]
[Site "Deizisau GER"]
[Date "2008.03.21"]
[Round "2"]
[White "Peralta,Fe"]
[Black "Strunski,A"]
[Result "1-0"]
[WhiteElo "2551"]
[BlackElo "2245"]

1.d4 d5 2.c4 c6 3.Nf3 Nf6 4.Nc3 e6 5.e3 Nbd7 6.Bd3 dxc4 7.Bxc4 b5 8.Bd3 a6
9.e4 c5 10.d5 Qc7 11.O-O Bb7 12.Bg5 c4 13.Bc2 Bc5 14.dxe6 fxe6 15.e5 Nxe5
16.Nxe5 Qxe5 17.Bxf6 gxf6 18.Re1 Qd4 19.Qh5+ Ke7 20.Qf5 Rag8 21.Rxe6+ Kf7
22.Ne4 Qxf2+ 23.Nxf2 Rxg2+ 24.Kf1 Rxf2+ 25.Qxf2 Bxf2 26.Rd6 Ke7 27.Rad1  1-0

[Event "31st San Sebastian Open"]
[Site "Donostia ESP"]
[Date "2008.03.21"]
[Round "7"]
[White "Andres Gonzalez,I"]
[Black "Alsina Leal,D"]
[Result "1/2-1/2"]
[WhiteElo "2375"]
[BlackElo "2455"]

1.d4 d5 2.c4 e6 3.Nc3 c6 4.e3 Nf6 5.Nf3 Nbd7 6.Qc2 Bd6 7.b3 O-O 8.Be2 b6
9.O-O Bb7 10.Bb2 Re8 11.Rad1 Qe7 12.Rfe1 Rad8 13.Bd3 c5 14.cxd5 exd5 15.Ne2 Ne4
16.Ng3 Bxg3 17.hxg3 Rc8 18.dxc5 bxc5 19.Bxe4 Qxe4 20.Qxe4 Rxe4 21.Nd2 Re6
22.Rc1 f6 23.Red1 Kf7 24.a3 Rb6 25.Bc3 Ne5 26.Bxe5 fxe5 27.e4 d4 28.Nc4 Re6
29.b4 cxb4 30.axb4 Kf6 31.Nd2 Rc3 32.f3 Rb6 33.Rb1 g5 34.Kf2 Rc2 35.Ke1 Rbc6
36.Ra1 a6 37.Ra5 Rb2 38.f4 gxf4 39.gxf4 exf4 40.Rf5+ Kg7 41.Rxf4 Rxb4 42.Nf3 Re6
43.Nxd4 Rxe4+ 44.Rxe4 Bxe4 45.Ne6+ Kf6 46.Nc5 a5 47.Rd6+ Kf5 48.Ra6 Rb5 49.Nxe4 Kxe4
50.Kd2 h5 51.Rg6 Kf4 52.Ke2 Rg5 53.Rf6+ Kg4 54.Rc6 Kg3 55.Kf1 Kh2 56.Rc2 Rf5+
57.Ke1 Kg3 58.Ra2 Rb5 59.Kf1 Rf5+ 60.Kg1 Kf4 61.Kf2 Ke4+ 62.Ke2 Kd4 63.g4 hxg4
64.Ra4+ Kc3 65.Rxg4 Kc2 66.Rc4+ Kb3 67.Rc8 Rd5 68.Rb8+ Ka3 69.Rb7 Rd4 70.Rb8 Rb4
71.Ra8 a4 72.Kd2 Kb2 73.Rc8 a3 74.Rc2+ Kb1 75.Rc1+ Ka2 76.Rc3 Rb3 77.Rc8 Kb2
78.Rc2+ Ka1 79.Rc8 Rb2+ 80.Kc1 a2 81.Rc7 Rh2 82.Rc8 Rh1+  1/2-1/2

[Event "20th Festival"]
[Site "Lenk SUI"]
[Date "2008.03.21"]
[Round "3"]
[White "Maurer,F"]
[Black "Curien,N"]
[Result "0-1"]
[WhiteElo "2050"]
[BlackElo "2232"]

1.d4 d5 2.c4 e6 3.Nc3 c6 4.e3 Nf6 5.Nf3 Nbd7 6.Bd3 Bd6 7.O-O O-O 8.e4 dxc4
9.Bxc4 e5 10.Bg5 Qc7 11.h3 exd4 12.Nxd4 h6 13.Be3 Ne5 14.Be2 Ng6 15.Rc1 Bf4
16.Qd2 Rd8 17.Bxf4 Nxf4 18.Qe3 Qe5 19.Nf3 Nxe2+ 20.Qxe2 Qf4 21.Rcd1 Re8 22.Qd2 Qxd2
23.Nxd2 Be6 24.f3 Rad8 25.b3 Rd3 26.Ndb1 Red8 27.Rxd3 Rxd3 28.Rd1 Rxd1+ 29.Nxd1 Kf8
30.Kf2 Ke7 31.Ke3 Nd7 32.Nb2 f5 33.Nd2 Nf6 34.Nd3 fxe4 35.fxe4 Nd7 36.Nf3 c5
37.Nf4 Bf7 38.Kd3 Kd6 39.Kc3 b5 40.h4 Ne5 41.Ne1 b4+ 42.Kc2 c4 43.bxc4 Bxc4
44.Kb2 Bf7 45.Ned3 a5 46.Nf2 Kc5 47.Ne2 Bc4 48.Ng3 g6 49.h5 gxh5 50.Nxh5 Kd4
51.Nf6 Be6 52.Kb1 Ke3 53.Nh3 Nd7 54.e5 Nxe5  0-1

[Event "ch-DEN"]
[Site "Silkeborg DEN"]
[Date "2008.03.21"]
[Round "7"]
[White "Antonsen,M"]
[Black "Holmsgaard,H"]
[Result "1-0"]
[WhiteElo "2409"]
[BlackElo "2324"]

1.d4 d5 2.c4 c6 3.Nf3 Nf6 4.e3 e6 5.Nc3 Nbd7 6.Qc2 Bd6 7.Bd3 O-O 8.O-O dxc4
9.Bxc4 b5 10.Be2 Bb7 11.Rd1 Qb8 12.b3 Rc8 13.Ne4 Nxe4 14.Qxe4 c5 15.Qh4 cxd4
16.Qxd4 Bxf3 17.Bxf3 Bxh2+ 18.Kf1 Be5 19.Qxd7 Bxa1 20.Bxa8 Qxa8 21.Qxb5 Bf6
22.Ba3 h6 23.Qa6 Rc2 24.Rc1 Qe4 25.Rxc2 Qxc2 26.Bb4 Kh7 27.Be1 Qd1 28.Qc4 g6
29.Qe2 Qb1 30.Qd2 h5 31.b4 h4 32.a4 g5 33.f3 Be5 34.Ke2 Kg7 35.a5 f5 36.Qd7+ Kf6
37.Qd8+ Kf7 38.Qxg5 Bf6 39.Qf4 Qc2+ 40.Bd2 e5 41.Qh6 a6 42.Qh7+ Kf8 43.Qd7 Kg8
44.Qd3 Qc8 45.b5 axb5 46.Qxb5  1-0

[Event "15th Belisce Metalis Open"]
[Site "Bizovac CRO"]
[Date "2008.03.22"]
[Round "3"]
[White "Arbanas,J"]
[Black "Okrosa,M"]
[Result "1-0"]
[WhiteElo "2288"]
[BlackElo "2101"]

1.d4 d5 2.Nf3 e6 3.c4 c6 4.e3 Nf6 5.Nc3 Nbd7 6.Qc2 Bd6 7.b3 O-O 8.Bb2 b6
9.Be2 Bb7 10.O-O Rc8 11.Rac1 dxc4 12.bxc4 c5 13.Rfd1 Qe7 14.d5 exd5 15.cxd5 Rfe8
16.Qf5 a6 17.a4 Rcd8 18.Rb1 Ne5 19.Ba1 Bc8 20.Qc2 Nfg4 21.Nxe5 Qxe5 22.g3 Qh5
23.h4 g5 24.Ne4 Bf5 25.Bxg4 Qxg4 26.Qc3 Kf8 27.Qg7+ Ke7 28.Qf6+ Kf8 29.Nxd6 Rxd6
30.Qxd6+ Kg8  1-0

[Event "12th Neckar Open A"]
[Site "Deizisau GER"]
[Date "2008.03.22"]
[Round "5"]
[White "Lauber,A"]
[Black "Kuipers,S"]
[Result "1-0"]
[WhiteElo "2417"]
[BlackElo "2302"]

1.d4 d5 2.c4 c6 3.Nf3 Nf6 4.Nc3 e6 5.e3 Nbd7 6.Bd3 Be7 7.O-O O-O 8.e4 dxe4
9.Nxe4 c5 10.Nxc5 Nxc5 11.dxc5 Bxc5 12.Bg5 b6 13.Qc2 h6 14.Be4 Rb8 15.Bf4 Bb7
16.Bxb7 Rxb7 17.a3 a5 18.Rab1 Qe7 19.Qa4 Ra7 20.Ne5 Raa8 21.Rbd1 Rfc8 22.h3 Qb7  1-0

[Event "39th Open"]
[Site "Mar del Plata ARG"]
[Date "2008.03.22"]
[Round "9"]
[White "Corsi Ferrari,N"]
[Black "Celestino,G"]
[Result "1-0"]
[WhiteElo "2272"]
[BlackElo "2167"]

1.d4 d5 2.c4 c6 3.Nc3 Nf6 4.e3 e6 5.Nf3 Nbd7 6.Bd3 dxc4 7.Bxc4 b5 8.Bd3 a6
9.e4 c5 10.e5 cxd4 11.Nxb5 axb5 12.exf6 gxf6 13.O-O Qb6 14.Qe2 b4 15.Rd1 Bc5
16.Bf4 Bb7 17.Bb5 Rd8 18.a4 bxa3 19.bxa3 Bxf3 20.gxf3 e5 21.Bxe5 O-O 22.Bf4 Rfe8
23.Qf1 Kh8 24.Bd3 Ne5 25.Bxe5 fxe5 26.Qh3 Rg8+ 27.Kh1 Rg7 28.a4 Bb4 29.Rg1 Rdg8
30.Rxg7 Rxg7 31.Qc8+ Rg8 32.Qf5 Qg6 33.Qxe5+ f6 34.Bxg6 fxe5 35.Be4 Bc3 36.Ra3 Rg7
37.a5 Ra7 38.a6 Kg7 39.Bb7 Kf6 40.Kg2 Ke6 41.Kf1 Bd2 42.Ke2 Bf4 43.h3 Kd6
44.Kd3 Kc5 45.Rb3 h6 46.Rb2 Kd6 47.Rb6+ Kd7 48.Ke4  1-0

[Event "ch-TUR"]
[Site "Ankara TUR"]
[Date "2008.03.23"]
[Round "1"]
[White "Buker,M"]
[Black "Secer,A"]
[Result "0-1"]
[WhiteElo "2166"]
[BlackElo "2308"]

1.d4 d5 2.c4 c6 3.Nc3 Nf6 4.Nf3 e6 5.e3 Nbd7 6.Bd3 dxc4 7.Bxc4 b5 8.Bd3 a6
9.a4 b4 10.Ne4 c5 11.Qc2 Bb7 12.O-O cxd4 13.exd4 Be7 14.Neg5 h6 15.Nxe6 fxe6
16.Bg6+ Kf8 17.Ne5 Nxe5 18.dxe5 Qd5 19.f4 Qc5+ 20.Qf2 Ng4 21.Qxc5 Bxc5+ 22.Kh1 Nf2+
23.Kg1 Rd8 24.h4 Be4 25.Bh5 Ng4+ 26.Kh1 Bf5 27.b3 Rd3 28.Bb2 Rh3+  0-1

[Event "1st Int di Pasqua"]
[Site "Bologna ITA"]
[Date "2008.03.23"]
[Round "7"]
[White "Gilevich,A"]
[Black "Barillaro,L"]
[Result "1/2-1/2"]
[WhiteElo "2069"]
[BlackElo "2180"]

1.d4 d5 2.c4 c6 3.Nf3 Nf6 4.Nc3 e6 5.e3 Nbd7 6.Qc2 Bb4 7.Bd3 O-O 8.Bd2 dxc4
9.Bxc4 Qe7 10.a3 Bd6 11.O-O e5 12.Ng5 h6 13.Nge4 Bc7 14.Ba2 exd4 15.exd4 Nxe4
16.Nxe4 Nf6 17.Nxf6+ Qxf6 18.d5 Bf5 19.Qc1 Be5 20.Bc3 Bxc3 21.Qxc3 Qxc3 22.bxc3 cxd5
23.Bxd5 Rac8  1/2-1/2

[Event "12th Neckar Open A"]
[Site "Deizisau GER"]
[Date "2008.03.23"]
[Round "6"]
[White "Bindrich,F"]
[Black "Beinoras,M"]
[Result "1/2-1/2"]
[WhiteElo "2497"]
[BlackElo "2280"]

1.Nf3 d5 2.c4 c6 3.e3 Nf6 4.Nc3 e6 5.d4 Nbd7 6.Qc2 Bd6 7.Be2 O-O 8.O-O dxc4
9.Bxc4 e5 10.h3 Qe7 11.Bb3 Bb8 12.Bd2 Re8 13.Rae1 h6 14.Nh4 Nf8 15.Nf5 Qc7
16.f4 exf4 17.exf4 Be6 18.Ne4 Qd8 19.Neg3 Bc7 20.Bc3  1/2-1/2

[Event "10th Foxwoods Open"]
[Site "Ledyard USA"]
[Date "2008.03.23"]
[Round "8"]
[White "Perelshteyn,E"]
[Black "Ippolito,D"]
[Result "1-0"]
[WhiteElo "2551"]
[BlackElo "2417"]

1.d4 d5 2.c4 c6 3.Nc3 Nf6 4.Nf3 e6 5.e3 Nbd7 6.Qc2 Bd6 7.g4 dxc4 8.Bxc4 b6
9.e4 e5 10.g5 Nh5 11.Be3 O-O 12.O-O-O Qc7 13.Be2 exd4 14.Nxd4 Nf4 15.Nf5 Be5
16.Ne7+ Kh8 17.Bg4 Bxc3 18.Nxc8 Ne5 19.Bf5 Ned3+ 20.Rxd3 Nxd3+ 21.Qxd3 Be5
22.Rd1 Raxc8 23.Bxc8 Rxc8 24.h4 Bf4 25.h5 Bxe3+ 26.Qxe3 Rd8 27.Rxd8+ Qxd8
28.f4 Qd6 29.f5 Qh2 30.e5 Qxh5 31.e6 fxe6 32.fxe6 Qe8 33.e7 g6 34.Qe6 Kg7
35.Qf6+ Kg8 36.Qe6+ Kg7 37.b4 a5 38.bxa5 bxa5 39.Qf6+ Kg8 40.Qe6+ Kg7 41.Kc2 c5
42.Kc3 c4 43.Kxc4 h5 44.gxh6+ Kxh6 45.Kd4 Kg7 46.Ke3 a4 47.a3 Kh7 48.Kf4 Kg7
49.Kg4 Kh6 50.Qe5 Qc8+ 51.Kg3 Qe8 52.Qf6 Qb5 53.Qf8+ Kh5 54.e8=Q Qg5+ 55.Kf3 Qg4+
56.Ke3 Qg5+ 57.Ke2 Qg2+ 58.Qf2  1-0

[Event "10th Foxwoods Open"]
[Site "Ledyard USA"]
[Date "2008.03.23"]
[Round "8"]
[White "Ginsburg,M"]
[Black "Dougherty,M"]
[Result "1-0"]
[WhiteElo "2365"]
[BlackElo "2200"]

1.c4 c6 2.d4 d5 3.Nf3 Nf6 4.e3 e6 5.Nc3 Nbd7 6.Qc2 Bd6 7.Be2 Qe7 8.O-O dxc4
9.a4 O-O 10.Nd2 e5 11.Nxc4 exd4 12.Nxd6 Qxd6 13.Rd1 Ne5 14.Rxd4 Qe7 15.b4 b6
16.Bb2 c5 17.bxc5 bxc5 18.Nd5 Nxd5 19.Rxd5 Nd7 20.Rad1 Rb8 21.Bb5 Nf6 22.Rxc5 Bg4
23.Rd4 Rfc8 24.Rxc8+ Rxc8 25.Rc4 Rxc4 26.Qxc4 h5 27.h3 Be6 28.Qh4  1-0

[Event "SCT Ladies Open"]
[Site "Stockholm SWE"]
[Date "2008.03.23"]
[Round "6"]
[White "Limontaite,S"]
[Black "Sudakova,I"]
[Result "0-1"]
[WhiteElo "2152"]
[BlackElo "2333"]

1.d4 d5 2.c4 e6 3.Nf3 c6 4.e3 Nf6 5.Nc3 Nbd7 6.Bd3 dxc4 7.Bxc4 b5 8.Bd3 a6
9.e4 c5 10.d5 Qc7 11.dxe6 fxe6 12.Bc2 Bb7 13.O-O Qc6 14.Qe2 Bd6 15.Nd5 O-O
16.Nxf6+ Rxf6 17.Bg5 Rg6 18.Bh4 e5 19.Bg3 Re8 20.Rfd1 c4 21.Nh4 Rf6 22.Qg4 Nc5
23.Re1 Ne6 24.Nf5 Rxf5 25.Qxf5 Nd4 26.Qh5 Nxc2 27.Rad1 g6  0-1

[Event "ch-TUR"]
[Site "Ankara TUR"]
[Date "2008.03.24"]
[Round "2"]
[White "Haznedaroglu,K"]
[Black "Firat,B"]
[Result "0-1"]
[WhiteElo "2459"]
[BlackElo "2182"]

1.d4 d5 2.c4 c6 3.Nc3 Nf6 4.e3 e6 5.Nf3 Nbd7 6.Qc2 Bd6 7.b3 O-O 8.Bb2 a6
9.Bd3 e5 10.dxe5 Nxe5 11.Nxe5 Bxe5 12.O-O-O Qe7 13.Kb1 dxc4 14.Bxc4 a5 15.Bd3 Re8
16.Rhe1 h6 17.h3 Be6 18.f4 Bd6 19.Qc1 Qc7 20.g4 a4 21.Rg1 axb3 22.g5 hxg5
23.Rxg5 Ra5 24.Rdg1 Bf8 25.Rxg7+ Bxg7 26.Rxg7+ Kxg7 27.Ne4 Bf5 28.Qc3 Qd8
29.Nf2 Bxd3+ 30.Kc1 bxa2 31.Ba1 Rb5 32.Nxd3 Rxe3  0-1

[Event "TCh-FRA Top 16 Gp A"]
[Site "Clichy FRA"]
[Date "2008.03.24"]
[Round "3"]
[White "Brunner,N"]
[Black "Tregubov,P"]
[Result "1/2-1/2"]
[WhiteElo "2428"]
[BlackElo "2636"]

1.d4 d5 2.c4 c6 3.Nf3 e6 4.e3 Nf6 5.Nc3 a6 6.c5 Nbd7 7.b4 g6 8.Bb2 Bg7 9.Be2 O-O
10.O-O Qc7 11.Na4 Ne4 12.Nd2 Nxd2 13.Qxd2 e5 14.dxe5 Bxe5 15.Bxe5 Qxe5 16.Bd3 Nf6
17.Nb6 Rb8 18.f4 Qe7 19.Rfe1 Ne4 20.Bxe4 Qxe4 21.Qd4 Re8 22.Rad1 Bf5 23.Qxe4 Rxe4
24.Rd4 Re7 25.Kf2 Rbe8 26.a4 f6 27.a5 Kg7 28.Na4 h5 29.h4 g5 30.hxg5 fxg5
31.fxg5 Kg6 32.Nc3 Kxg5 33.g3 Bg4 34.Rf4 Re5 35.Nb1 d4 36.Rxd4 Rf5+ 37.Kg2 Rf3
38.Nd2 Rfxe3 39.Rxe3 Rxe3 40.Ne4+ Kg6 41.Nd6 Bf3+ 42.Kf2 Rb3 43.Nc4 Bd5 44.Ne3 Rb2+
45.Kf1 Be6 46.Rf4 Kg5 47.Ke1 Bh3 48.Rd4 Be6  1/2-1/2

[Event "TCh-FRA Top 16 Gp A"]
[Site "Clichy FRA"]
[Date "2008.03.24"]
[Round "3"]
[White "Kozakov,M"]
[Black "Stellwagen,D"]
[Result "0-1"]
[WhiteElo "2445"]
[BlackElo "2625"]

1.d4 d5 2.c4 c6 3.Nc3 Nf6 4.Nf3 e6 5.e3 Nbd7 6.Bd3 dxc4 7.Bxc4 b5 8.Be2 Bb7
9.O-O a6 10.e4 c5 11.d5 exd5 12.e5 Ne4 13.Nxd5 c4 14.Nf4 Qb6 15.a4 Bc5 16.Nh3 Rd8
17.Qc2 O-O 18.axb5 axb5 19.b3 f6 20.bxc4 Nxe5 21.cxb5 Ng4 22.Ba3 Ngxf2 23.Bc4+ Kh8
24.Nxf2 Bxf2+ 25.Rxf2 Rfe8 26.Rf1 Rc8 27.Qb3 Nxf2 28.Rxf2 Re3 29.Ng5 fxg5
30.Qb4 Re4 31.Kf1 Qd8  0-1

[Event "Spring Festival"]
[Site "Budapest HUN"]
[Date "2008.03.25"]
[Round "5"]
[White "Surinya,T"]
[Black "Hujbert,F"]
[Result "0-1"]
[WhiteElo "1972"]
[BlackElo "2278"]

1.d4 d5 2.c4 e6 3.Nc3 Nf6 4.Nf3 c6 5.e3 Nbd7 6.Bd3 dxc4 7.Bxc4 b5 8.Bd3 Bd6
9.O-O O-O 10.a4 b4 11.Ne4 Nxe4 12.Bxe4 Bb7 13.Re1 Qb8 14.h3 h6 15.Bd3 c5
16.e4 cxd4 17.Nxd4 Rd8 18.Qe2 Nc5 19.Bc2 Bh2+ 20.Kh1 Rxd4 21.Be3 Rxe4 22.Qb5 Rxe3
23.Rxe3 Bd6 24.Rd1 Bd5 25.Qxb8+ Rxb8 26.b3 Rc8 27.Rd2 Bf4 28.Rd4 Bxe3 29.fxe3 Nxb3
30.Bxb3 Bxb3 31.Rxb4 Bc4 32.Rb7 Bd5 33.Rb2 Be4 34.Kh2 Rc2 35.Rb8+ Kh7 36.Rb4 f5
37.Kg3 g5 38.h4 Rxg2+ 39.Kh3 g4+  0-1

[Event "SCT Ladies Open"]
[Site "Stockholm SWE"]
[Date "2008.03.25"]
[Round "9"]
[White "Kostiukova,L"]
[Black "Vajda,S"]
[Result "0-1"]
[WhiteElo "2290"]
[BlackElo "2418"]

1.d4 d5 2.c4 e6 3.Nf3 c6 4.Nc3 Nf6 5.e3 Nbd7 6.Bd3 dxc4 7.Bxc4 b5 8.Bd3 Bd6
9.O-O a6 10.h3 Bb7 11.e4 e5 12.Bc2 O-O 13.dxe5 Nxe5 14.Nxe5 Bxe5 15.Be3 Qe7
16.Qe2 Rfe8 17.Rae1 c5 18.Bg5 h6 19.Bh4 Qc7 20.Bxf6 Bxf6 21.f4 b4 22.Nd1 Bh4
23.Nf2 Qxf4 24.Ng4 Qg5 25.Rf5 Qxf5 26.exf5 Rxe2 27.Rxe2 h5 28.Nf2 a5 29.Nd3 c4
30.Nf4 a4 31.Nxh5 b3 32.axb3 axb3 33.Be4 Bxe4 34.Rxe4 c3  0-1

[Event "Spring Festival"]
[Site "Budapest HUN"]
[Date "2008.03.27"]
[Round "7"]
[White "Brustkern,J"]
[Black "Amstadt,A"]
[Result "1/2-1/2"]
[WhiteElo "2311"]
[BlackElo "2021"]

1.d4 d5 2.c4 e6 3.Nc3 Nf6 4.Nf3 c6 5.e3 Nbd7 6.Qc2 Bd6 7.Bd2 O-O 8.h3 dxc4
9.Bxc4 b5 10.Bd3 Bb7 11.Ng5 h6 12.Nge4 Nxe4 13.Nxe4 Be7 14.O-O f5 15.Nc3 Nf6
16.Qb3 Qd7 17.Bxf5 Nd5 18.Bg4 Bg5 19.e4 Bxd2 20.exd5 cxd5 21.Ne4 Bb4 22.Rac1 Rf4
23.Nc5 Bxc5 24.Rxc5 Rxd4 25.Re1 Re8 26.Rxb5 Bc8 27.Rc5 Ba6 28.Ra5 Bc4 29.Qa4 Qxa4
30.Rxa4 Rd2 31.Bxe6+ Kh8 32.b3 Bb5 33.Rxa7 d4 34.Ra5 Bd7 35.Rae5 Bxe6 36.Rxe6 Rxe6
37.Rxe6 Rxa2 38.Rd6 Rb2 39.h4 Rxb3 40.Rxd4 Kh7 41.h5 Rb7 42.g4 Ra7 43.Kg2 Rb7
44.Kg3 Ra7 45.f4 Rb7 46.Rd8 Ra7 47.Rf8 Ra3+ 48.Kh4 Ra7 49.Re8 Rb7 50.g5 hxg5+
51.fxg5 Rb4+ 52.Kg3 Rb3+ 53.Kf4 Rb4+ 54.Kf5 Rb5+ 55.Re5 Rb7 56.Ke6 Ra7 57.Rd5 Rb7
58.Rd7 Rb5 59.Rd5 Rb7  1/2-1/2

[Event "Internatonal Open"]
[Site "Sydney AUS"]
[Date "2008.03.27"]
[Round "5"]
[White "Chow,S"]
[Black "Solomon,SJ"]
[Result "1/2-1/2"]
[WhiteElo "2240"]
[BlackElo "2468"]

1.d4 d5 2.c4 e6 3.Nc3 c6 4.e3 Nf6 5.Nf3 Nbd7 6.Qc2 Bd6 7.Bd3 dxc4 8.Bxc4 b5
9.Bd3 Bb7 10.Ne4 Nxe4 11.Bxe4 Rc8 12.Bxh7 c5 13.Be4 cxd4 14.Qd3 Bb4+ 15.Bd2 Bxd2+
16.Nxd2 Bxe4 17.Nxe4 Qa5+ 18.Qd2 Qxd2+ 19.Kxd2 Ke7 20.exd4 Rc4 21.Nc3 Rxd4+
22.Ke3 Rb4 23.b3 f5 24.h3 g5 25.f3 Nf6 26.Kf2 Nh5 27.Ne2 a5 28.Rhd1 a4 29.Nd4 Rc8
30.a3 Rxd4 31.Rxd4 Rc2+ 32.Ke3 Nf4 33.Rxf4 gxf4+ 34.Kxf4 axb3 35.Rb1 b2 36.g4 Kf6
37.gxf5 exf5 38.h4 Rh2 39.Kg3 Re2 40.Kf4 Kg6 41.h5+ Kf6 42.h6 Kg6 43.h7 Kxh7
44.Kxf5 Kg7 45.f4 Kf7 46.Kg4 Ke6 47.Kf3 Rh2 48.Ke4 Kd6 49.Kd4 Rf2 50.Kc3 Rxf4
51.Rxb2  1/2-1/2

[Event "Spring Open"]
[Site "Belgrade SCG"]
[Date "2008.03.28"]
[Round "4"]
[White "Skare,G"]
[Black "Paulic,B"]
[Result "1/2-1/2"]
[WhiteElo "2315"]
[BlackElo "2120"]

1.d4 d5 2.c4 e6 3.Nc3 c6 4.e3 Nf6 5.Nf3 Nbd7 6.Qc2 Bd6 7.a3 O-O 8.Be2 a6
9.b4 b5 10.cxd5 cxd5 11.O-O  1/2-1/2

[Event "3rd Open"]
[Site "Kolkata IND"]
[Date "2008.03.28"]
[Round "5"]
[White "Kamble,V"]
[Black "Barua,D"]
[Result "0-1"]
[WhiteElo "2387"]
[BlackElo "2491"]

1.d4 d5 2.c4 e6 3.Nc3 c6 4.e3 Nf6 5.Nf3 Nbd7 6.Qc2 Bd6 7.g4 h6 8.Bd2 dxc4
9.Bxc4 b5 10.Be2 Bb7 11.e4 e5 12.O-O-O Qc7 13.dxe5 Nxe5 14.Nd4 Ng6 15.Nf5 O-O-O
16.Nxd6+ Rxd6 17.Be3 Rxd1+ 18.Rxd1 a6 19.Qd2 Re8 20.f4 b4 21.Na4 Nxe4 22.Nb6+ Kb8
23.Nd7+ Kc8 24.Qxb4 Nxf4 25.Nb6+ Kb8 26.Nd7+ Kc8 27.Nb6+ Kb8 28.Bxa6 Bxa6
29.Nd7+ Kc8 30.Nb6+ Kb8 31.Nd5+ Qb7 32.Bxf4+ Ka7 33.Be3+ Kb8 34.Nb6 Nf6 35.Qc5 Qc7
36.Qb4 Re4 37.Nd7+ Kc8 38.Qf8+ Re8 39.Qa3 Nd5 40.Nb6+ Kb7 41.Na4 Rxe3 42.Nc5+ Kb6
43.Qxa6+ Kxc5  0-1

[Event "3rd Open"]
[Site "Kolkata IND"]
[Date "2008.03.28"]
[Round "5"]
[White "Adly,A"]
[Black "Arun Prasad,S"]
[Result "1-0"]
[WhiteElo "2551"]
[BlackElo "2423"]

1.d4 d5 2.c4 c6 3.Nc3 Nf6 4.Nf3 e6 5.e3 Nbd7 6.Qc2 Bd6 7.g4 dxc4 8.g5 Nd5
9.Bxc4 e5 10.Bd2 exd4 11.Nxd5 cxd5 12.Bxd5 dxe3 13.Bc3 exf2+ 14.Kxf2 O-O
15.Rad1 Qc7 16.g6 Ne5 17.gxf7+ Kh8 18.Ng5 Ng6 19.Qe4 Bc5+ 20.Kg2 Bf5 21.Bxg7+ Kxg7
22.Qxf5 Nh4+ 23.Kh3 Nxf5 24.Ne6+ Kf6 25.Nxc7 Ne3 26.Rc1 Bd6 27.Nxa8 Nxd5
28.Rhd1 Ke6 29.Rxd5 Kxd5 30.Nc7+ Ke5 31.Ne8 Ke6 32.Nxd6 Kxd6 33.Rf1 Ke6 34.Kg4 Rxf7
35.Rxf7 Kxf7 36.Kf5 a5 37.a4 Ke7 38.Ke5 Kd7 39.Kf6 Kd6 40.h4 Kc5 41.h5 Kb4
42.h6 Kxa4 43.Kg7 Kb3 44.Kxh7 Kxb2 45.Kg6 a4 46.h7 a3 47.h8=Q+ Kb1 48.Qc3 a2
49.Qb3+ Ka1 50.Qc2  1-0

[Event "3rd Open"]
[Site "Kolkata IND"]
[Date "2008.03.28"]
[Round "5"]
[White "Koneru,H"]
[Black "Sandipan,C"]
[Result "1/2-1/2"]
[WhiteElo "2612"]
[BlackElo "2593"]

1.d4 d5 2.c4 c6 3.e3 Nf6 4.Nc3 e6 5.Nf3 Nbd7 6.Qc2 Bd6 7.Be2 O-O 8.O-O b6
9.e4 Nxe4 10.Nxe4 dxe4 11.Qxe4 Bb7 12.Rd1 Qe7 13.Bf4 Bxf4 14.Qxf4 Nf6 15.Qe3 Ng4
16.Qf4 Nf6 17.Ne5 Nd7 18.Nd3 Rac8 19.Bf3 Rfd8 20.Rac1 Nf8 21.c5 Ng6 22.Qe3 Rd7
23.g3 Rcd8 24.Nb4 bxc5 25.dxc5 Rxd1+ 26.Rxd1 Rxd1+ 27.Bxd1 Qf6 28.Bf3 Qxb2
29.Nxc6 Bxc6 30.Bxc6 Ne5 31.Ba8 Ng4 32.Qf4 h5 33.h3 Ne5 34.Qe3 h4 35.g4 f6
36.Be4 Qxa2 37.Qd4 Qa5 38.c6 Kf7 39.Kg2 Ke7 40.f4 Qa2+ 41.Kh1 Qc4 42.Qxa7+ Ke8
43.Qb8+ Ke7 44.Qb7+ Ke8 45.Qc8+ Ke7 46.Qb7+ Ke8 47.Qc8+  1/2-1/2

[Event "FKB ch-USA Qualifier"]
[Site "Tulsa USA"]
[Date "2008.03.28"]
[Round "1"]
[White "Yang,Dar"]
[Black "Mulyar,M"]
[Result "0-1"]
[WhiteElo "2074"]
[BlackElo "2381"]

1.d4 d5 2.c4 c6 3.Nc3 Nf6 4.Nf3 e6 5.e3 Nbd7 6.Qc2 Bd6 7.g4 h6 8.h3 dxc4
9.Bxc4 b5 10.Bd3 Bb7 11.Ne4 Nxe4 12.Bxe4 Qc7 13.a4 c5 14.axb5 Nf6 15.Bxb7 Qxb7
16.Qe2 cxd4 17.O-O dxe3 18.Bxe3 O-O 19.Rfd1 Nd5 20.Nd4 Bc5 21.Rac1 Nxe3 22.Qxe3 Bxd4
23.Qxd4 Qxb5 24.Rc7 a5 25.Qc3 Rab8 26.Rd2 a4 27.Rc5 Qa6 28.Rc6 Qb7 29.Rc7 Qe4
30.Rc4 Qe1+ 31.Kg2 a3 32.bxa3 Rb1 33.Kg3 Qg1+ 34.Kh4 Rb5 35.Rc5 Rxc5 36.Qxc5 Qg2
37.Qe3 Rc8 38.f4 Qf1 39.Qf2 Qc1 40.Rd3 Rc4 41.Kg3 Kh7 42.Rf3 Qb1 43.Qe3 g6
44.Kg2 Rc2+ 45.Rf2 Rc1 46.Re2 Rh1 47.Kg3 Rg1+ 48.Rg2 Rh1 49.Re2 Qf1 50.Rg2 Qa1
51.Re2 Rg1+ 52.Kh2 Rh1+ 53.Kg3 Rc1 54.Rd2 Re1 55.Qf3 Qc1 56.Rd3 Qc2 57.Kh4 Rg1
58.Qe3 Rg2 59.Rd7 Kg8 60.Rd8+ Kh7 61.Rd7 Qb2 62.Rxf7+ Kg8 63.Rc7 Qf6+ 64.g5 hxg5+
65.fxg5 Qh8+  0-1